000 01297nam a22002537a 4500
003 OSt
005 20250926143829.0
008 250926b |||||||| |||| 00| 0 eng d
040 _cSTCPL
041 _aENG
100 _aSwapnanil SenGupta
245 _aEmployer Social Security Benefits and Its Impact on Job Retention:
_bInsights from the Indian Labour Market
246 _aEPW
_fVol.60; No.37 -
_g13 Sep. 2025
_hpp. 14-16
520 _aThe impact of employer social security benefits on job retention by employees in the Indian labour market is investigated, using the propensity score matching technique. By analysing data from the Longitudinal Ageing Study in India 2017–18, the article assesses how these benefits influence job tenure and job-seeking behaviour. The results reveal that receiving employer benefits is associated with an increase in job tenure by approximately 2.6 years and a reduction in job-seeking likelihood by 2.8%.
630 _aECO
650 _aSocial Security
650 _aSocial security benefits
650 _aEmpolyment
650 _aJob retention
650 _aIndian Labour Market
856 _uhttps://www.epw.in/journal/2025/37/commentary/employer-social-security-benefits-and-its-impact.html
942 _cARTICLE
942 _2ddc
_n0
999 _c87157
_d87157